Normal view
MARC view
- Bonfitto Michele
Entry Personal Name
001 - CONTROL NUMBER
- control field: 1430
003 - CONTROL NUMBER IDENTIFIER
- control field: IT-RoPau
005 - DATE AND TIME OF LATEST TRANSACTION
- control field: 20131108211038.0
008 - FIXED-LENGTH DATA ELEMENTS
- fixed length control field: 131108|| aca||aabn | a|a d
040 ## - CATALOGING SOURCE
- Original cataloging agency: IT-RoPau
- Transcribing agency: IT-RoPau
100 ## - HEADING--PERSONAL NAME
- Personal name: Bonfitto Michele
- Miscellaneous information: Codice autore musica SPICS: 10767
- Relator term: Autore musica
670 ## - SOURCE DATA FOUND
- Source citation: Work cat.: (IT-RoPau)102475: Bonfitto Michele 1427, Amare è donare